Sports Quiz

Random Sports or Hockey Quiz
Score 0/25 Timer 05:00
2 Plays Today
% Correct
Brett Hull
87.9%
Mario Lemieux
87.5%
Alexander Ovechkin
86.2%
Bobby Orr
85.2%
Patrick Roy
76.9%
Jaromir Jagr
73.2%
Dominik Hasek
72.7%
Joe Sakic
67.5%
Henrik Lundqvist
66.2%
Chris Chelios
60.6%
Stan Mikita
56%
Martin St. Louis
50.7%
Chris Pronger
46.7%
% Correct
Ray Bourque
46.5%
Teemu Selanne
45.8%
Scott Niedermayer
42.5%
Denis Potvin
41.3%
Eric Lindros
35.3%
Pat LaFontaine
34.5%
Alexandre Daigle
33.5%
Luc Robitaille
32.3%
Tim Horton
29.2%
Doug Gilmour
28.8%
John Vanbiesbrouck
27.9%
Pat Quinn
18.7%
Remove Ads.
Support Sporcle.
Get the best of Sporcle when you Go Orange. This ad-free experience offers more features, more stats, and more fun while also helping to support Sporcle. Thank you for becoming a member.

You're not logged in!

Compare scores with friends on all Sporcle quizzes.
OR
Log In

Show Comments

Extras

Top Quizzes Today


Score Distribution

Your Account Isn't Verified!

In order to create a playlist on Sporcle, you need to verify the email address you used during registration. Go to your Sporcle Settings to finish the process.

Report this User

Report this user for behavior that violates our Community Guidelines.

Details: